000 01018nam a2200241Ia 4500
003 GCL
005 20240530102817.0
008 140319s9999 xx 000 0 ara d
040 _aGCL /
_cGCL
082 0 4 _a362.4
_bز ا
100 1 _aزينب محمود شقير
245 1 0 _aاسرتى و مدرستى انا ابنكم المعاق ذهنيا - سمعيا - بصريا :
_bالخصائص - صعوبات التعليم - التعليم - الارشاد /
_cزينب محمود شقير
260 _aالقاهرة :
_bمكتبة النهضة المصرية ،
_c2005
300 _a240 ص ؛
_c24 سم
490 _aسلسلة سيكولوجية الفئات الخاصة والمعوقين
_v0
650 0 4 _aالتخلف العقلى
650 0 4 _aالاطفال بطيئو التعلم
650 0 4 _aالاطفال المكفوفين
650 0 4 _aالاطفال - رعاية ذهنية
650 0 4 _aالاطفال المعوقون
650 0 4 _aالاطفال الصم - لغة
942 _2ddc
_cBK
999 _c34798
_d34798